| 000 | 01308cam a2200349 a 4500 | ||
|---|---|---|---|
| 005 | 20220317000417.0 | ||
| 008 | 140303r20052004ck a r 000 f spa d | ||
| 020 | _a9588160642 | ||
| 041 | 0 | _aspa | |
| 043 | _ack | ||
| 100 | 1 | 0 |
_aPaz Otero, Víctor _d1945- |
| 245 | 1 | 3 |
_aEl demente exquisito _bla vida estrafalaria de Tomás Cipriano de Mosquera _cVíctor Paz Otero ; editor Benjamín Villegas |
| 246 | 3 | 0 | _aVida estrafalaria de Tomás Cipriano de Mosquera |
| 250 | _a3a.reimpresión | ||
| 300 |
_a636 páginas _bilustraciones _c22 cm. |
||
| 490 | _aVillegas. Novela histórica | ||
| 500 | _aDonación Villegas Editores | ||
| 500 | _aIncluye datos biográficos del autor | ||
| 600 | 1 | 4 |
_aMosquera, Tomás Cipriano de _d1798-1878 _vNovela _919948 |
| 650 | 1 | 4 |
_aNovela histórica colombiana _2LEMB _ySiglo XX |
| 650 | 1 | 4 |
_aLiteratura histórica colombiana _2LEMB _ySiglo XX |
| 650 | 1 | 4 |
_aPresidentes en la literatura _2LEMB |
| 650 | 1 | 4 |
_aHéroes en la literatura _2LEMB |
| 700 | 1 | 0 |
_aVillegas Jiménez, Benjamín _d1948- _eedición _920872 |
| 942 |
_2loc _cBKLIT |
||
| 264 |
_aBogotá _bVillegas Editores _c2004 |
||
| 336 |
_atexto _btxt _2rdacontent |
||
| 337 |
_asin mediación _bn _2rdamedia |
||
| 338 |
_avolumen _bnc _2rdacarrier |
||
| 040 |
_aCO-BoRNBP _bspa _erda _cCO-BoRNBP |
||
| 084 | _aN PAZD1 | ||
| 999 |
_c3960 _d3960 |
||